00850nam a22002177a 45000010005000000030006000050050017000110080041000280400027000690500016000960820011001121000023001232450081001462600037002273000025002644900030002895050007003195200272003265210018005987000016006163522FISKH20240315144516.0240315b cb ||||| |||| 00| 0 eng d aFISKbeng cFISKdFISK aPZ7.L88638  a813.6  aLorey Dean d1967- aNightmare academy /bWhen monsters frighten us, we fright back,cDean Lorey  aNew York : bScholastic, c2009  a308 pages : c20 cm  3Monster Hunters aBook 1  aM  aRescued from a very sheltered life, thirteen-year-old Charlie learns that the monsters of his nightmares are real when he becomes a student at Nightmare Academy and begins training to harness his powers to fight terrible creatures and return them to the Netherworld. 8 a760 bLexile  aDean Lorey